Chrám sv. Michala archanjela

Zobrazenie: Pohľad na interiér Chrámu sv. Michala archanjela v Šemetkovciach s ikonostasmi

Bibliographic Details
Other Authors: Jakub, Peter (fotograf) (Photographer)
Format: Photo
Language:Slovak
PhysicalDescription:1 pohľadnica farebná 11 x 15 cm
Published: [Šemetkovce?] Občianske združenie Naše pamiatky [medzi 2002 a 2012?]
Subjects:

MARC

LEADER 00000ckm a2200000 a 4500
001 vtls011997974
003 SK-MaSNL
005 20260331212102.0
007 kf co
008 231121q2002 xo g 0kuslo
015 |a SNBG 
035 |a urn:nbn:sk:snk-km00fder 
035 |a urn:nbn:sk:snk-km45tgp 
035 |a D71F410D-77E9-4C47-A6A2-037E78451750 
040 |a SNK  |b slo  |c SNK  |e AACR2 
041 0 |a slo 
043 |a e-xo--- 
044 |a xo  |c SK 
072 7 |a 913  |x Regionálna geografia  |2 konspekt 
080 |a 913(437.6)  |2 2011 
080 |a (084.121)  |2 2011 
080 |a 726:27-523.42  |2 2011 
080 |a 72.012.8  |2 2011 
080 |a 27‑523.47  |2 2011 
100 1 |a Jakub, Peter  |c (fotograf)  |4 pht  |9 566069 
245 1 0 |a Chrám sv. Michala archanjela  |h grafika  |c foto Peter Jakub ; grafická úprava Marek Ondrejka 
246 1 |i Názov na obrazovej časti:  |a Šemetkovce, Chrám sv. Michala archanjela 
260 |a [Šemetkovce?]  |b Občianske združenie Naše pamiatky  |c [medzi 2002 a 2012?] 
300 |a 1 pohľadnica  |b farebná  |c 11 x 15 cm 
500 |a Na adresnej strane uvedené: Vydalo Občianske združenie Naše pamiatky s finančnou podporou World Monumets Fund ® Foto © Peter Jakub, Grafická úprava © Marek Ondrejka 
520 8 |a Zobrazenie: Pohľad na interiér Chrámu sv. Michala archanjela v Šemetkovciach s ikonostasmi 
610 2 7 |a Chrám sv. Michala Archanjela (Šemetkovce, Slovensko)  |2 SNKKA  |9 566070 
650 0 7 |a drevené kostoly  |2 SNKPH  |9 3659 
650 0 7 |a interiéry  |2 SNKPH  |9 2953 
650 0 7 |a ikonostasy  |2 SNKPH  |9 22172 
651 7 |a Šemetkovce (Slovensko)  |2 SNKPHgeo  |9 59693 
655 7 |a miestne pohľadnice  |2 SNKPH  |9 70510 
700 1 |a Ondrejka, Marek  |c (grafik)  |4 art  |9 566071 
852 |a Slovenská národná knižnica 
958 |a GBN 
958 |a OND 
958 |a GC 
958 |a EUIPO 
999 |c 868113  |d 870043 
952 |a SNK  |b SNK  |y PREZ  |7 0  |p 17A1412221  |o snkSP 146931  |i snk2020/19345  |8 0  |0 0  |1 0  |4 0  |d 2020-10-15  |f 1  |l 0  |r 2026-02-24 05:33:15  |w 2026-02-24